Análisis integral y desarrollo de Plan Quinquenal para la Red Vial Cantonal de la Municipalidad de Flores, Heredia
Zapisane w:
| 1. autor: | |
|---|---|
| Format: | Książka |
| Język: | Spanish |
| Wydane: |
[San José], Costa Rica
2011
|
| Hasła przedmiotowe: | |
| Etykiety: |
Dodaj etykietę
Nie ma etykietki, Dołącz pierwszą etykiete!
|
MARC
| LEADER | 00000nam a22000007a 4500 | ||
|---|---|---|---|
| 003 | 010675 | ||
| 005 | 20221231143931.0 | ||
| 008 | 151109b2011 cr a|||| |||| 00| 0 spa d | ||
| 040 | |c cru CEDI | ||
| 090 | |a TFG 6503 | ||
| 100 | |9 2167 |a Díaz Aguilar, Laura | ||
| 245 | |a Análisis integral y desarrollo de Plan Quinquenal para la Red Vial Cantonal de la Municipalidad de Flores, Heredia | ||
| 260 | |a [San José], Costa Rica |c 2011 | ||
| 500 | |a Proyecto de graduación (licenciatura en ingeniería civil)--Universidad de Costa Rica. Facultad de Ingeniería. Escuela de Ingeniería Civil | ||
| 650 | |x PAVIMENTOS |x TRANSPORTE - MANTENIMIENTO Y REPARACION |x PLANIFICACION |x GESTION MUNICIPAL |x MUNICIPALIDAD DE FLORES (HEREDIA, COSTA RICA) |x CARRETERAS |x INGENIERÍA DE CARRETERAS |9 2168 | ||
| 942 | |c TFG | ||
| 999 | |c 14447 |d 14447 | ||
